000 00556nam a2200181 a 4500
001 000025466
005 20200930023817.0
008 110214s1957 sp r 000 0 spa d
040 _aDO-SdBNP
_bspa
_cBNPHU
041 1 7 _aspa
_hfre
_2Código de idiomas MARC
082 _ann*
_bnn*
245 0 4 _aLas enseñanzas de Roma y la palabra de Dios.
250 _a2a ed.
260 _aTexas :
_bCasa Bautista de Publicaciones,
_c1957.
300 _a130 p. ;
_c19 cm.
500 _a"Como a sabios hablo; juzgad vosotros lo que digo."-1 Cor. 10:15.
049 _aBNGR
999 _c24958
_d24958